[Event "Roquebrune rapid"]
[Site "Roquebrune"]
[Date "1992.??.??"]
[Round "21"]
[White "Kortschnoj, Viktor Lvovich"]
[Black "Polgar, Judit"]
[Result "1/2-1/2"]
[WhiteElo "2585"]
[BlackElo "2550"]
[Annotator "Knaak,R"]
[PlyCount "166"]
[EventDate "1992.02.??"]
[EventType "tourn (rapid)"]
[EventRounds "22"]
[EventCountry "FRA"]
[EventCategory "15"]
[SourceTitle "CBM 028"]
[Source "ChessBase"]
[SourceDate "1992.06.01"]
[SourceVersion "1"]
[SourceVersionDate "1992.06.01"]
[SourceQuality "1"]

1. d4 Nf6 2. c4 g6 3. Nc3 Bg7 4. e4 d6 5. f3 O-O 6. Be3 c5 7. dxc5 dxc5 8. Qxd8
Rxd8 9. Bxc5 Nc6 10. Nd5 Nd7 11. Bxe7 Nxe7 12. Nxe7+ Kf8 13. Nd5 Bxb2 14. Rb1
Bg7 15. Nh3 $1 {Karpows Idee.} Nc5 16. Nf2 Be6 17. Be2 Rac8 18. O-O Rd6 $1 (
18... b6 $14 {Christiansen-Renet/Roquebrune/1992/CBM28}) 19. Rfd1 Ra6 20. Rd2
Ra3 21. Kf1 b6 22. f4 $6 Bc3 $1 23. Nxc3 (23. Rc2 Bd4 {P xf2 (<-> e4)} 24. Bf3
Bxf2 25. Kxf2 f5 $17 26. e5 Nd3+ 27. Kg3 Bxd5 28. Bxd5 Ne1+ $19) 23... Rxc3 24.
Ke1 Bxc4 $1 $15 25. Nd1 Nd3+ 26. Bxd3 Rxd3 27. Rbb2 Ra3 28. Kf2 Bd3 29. e5 Rc1
30. Ne3 Rb1 31. g4 Rh1 32. Kf3 Ba6 33. Rb3 Ra4 34. Kg3 Rg1+ 35. Kh4 Rxf4 36.
Kg5 Rf3 37. Nd5 Rf5+ 38. Kh6 Rxg4 39. Rh3 Rh5+ $1 (39... Rxe5 40. Nf6 $16 {
P xg4, d7+}) (39... Bf1 40. Nf6 Bxh3 41. Rd8+ Ke7 42. Re8#) 40. Rxh5 gxh5 41.
Nf6 Rg6+ 42. Kxh7 Ke7 (42... h4 $4 43. Rd8+ Ke7 44. Re8#) 43. Nxh5 Bc4 44. Nf4
Rg5 45. h4 Rg4 46. Ng2 Be6 {P 47... f5+ 48. h6 g5+ -+} (46... Bf1 $5 47. Ne3
Rxh4+ 48. Kg7 Bh3 $8 49. Rh2 Ke6 $17) (46... Bd5 $5 47. Rxd5 Rxg2 48. a3 Rg3
49. a4 Rg4 50. a5 Rxh4+ 51. Kg7 Rg4+ 52. Kh6 Rb4 $17) 47. Kh6 $1 Rg6+ 48. Kh7
Rg4 49. Kh6 Bf5 50. h5 Rg8 51. Ne3 Be4 52. Nd5+ Bxd5 53. Rxd5 Rg2 54. a4 Ra2 (
54... Ke6 55. Rd6+ Kxe5 56. Rd7 f5 57. Rxa7 $10) 55. Rd4 Ke6 56. Rf4 a5 57.
Rf6+ Kxe5 58. Rxb6 f5 59. Rb5+ Ke4 60. Rxa5 f4 61. Ra8 f3 62. Re8+ Kd3 63. Rf8
f2 64. Kg5 Ke2 65. h6 Ra1 66. h7 Rg1+ 67. Kh6 Rh1+ 68. Kg7 Rg1+ 69. Kh8 Rg4 70.
a5 Ra4 71. Kg7 Rg4+ 72. Kh6 Rh4+ 73. Kg6 Rg4+ 74. Kh5 Rg1 75. a6 Rh1+ 76. Kg6
Rg1+ 77. Kh6 Rh1+ 78. Kg7 Rg1+ 79. Kh8 f1=Q 80. Rxf1 Rxf1 81. a7 (81. Kg7 Rg1+
82. Kf6 Rf1+ 83. Ke7 (83. Ke6 Rf8 $10) 83... Rh1 $10) 81... Ra1 82. Kg8 Rxa7
83. h8=Q Ra8+ 1/2-1/2

[Event "Manila Interzonal"]
[Site "Manila"]
[Date "1990.??.??"]
[Round "6"]
[White "Lputian, Smbat G"]
[Black "Kortschnoj, Viktor Lvovich"]
[Result "1/2-1/2"]
[WhiteElo "2575"]
[BlackElo "2630"]
[Annotator "Ftacnik,L"]
[PlyCount "94"]
[EventDate "1990.06.29"]
[EventType "swiss"]
[EventRounds "13"]
[EventCountry "PHI"]
[SourceTitle "CBM 019"]
[Source "ChessBase"]
[SourceDate "1990.12.01"]
[SourceVersion "1"]
[SourceVersionDate "1990.12.01"]
[SourceQuality "1"]

1. d4 Nf6 2. Nf3 e6 3. c4 b6 4. g3 Bb7 5. Bg2 Bb4+ 6. Bd2 a5 7. O-O O-O 8. Bf4
Be7 9. Nc3 Ne4 10. Rc1 $5 (10. Na4 d6 11. Rc1 Nd7 $10) 10... d6 11. Qd3 Nxc3 (
11... f5 12. Nd2 Nxd2 13. Bxb7 Ra7 14. Bxd2 Rxb7 15. e4) 12. Rxc3 f5 $6 (12...
Nd7 13. e4 (13. Ng5 Bxg5 14. Bxb7 Rb8 15. Bxg5 Qxg5 16. Bc6 $14) 13... Bf6 14.
Rd1 e5 15. dxe5 Nxe5 16. Nxe5 Bxe5 17. Bxe5 dxe5 18. c5 $14) 13. Qe3 Qc8 $6 (
13... Qd7 14. d5 (14. Bg5 Rf7 15. Bxe7 Rxe7 16. c5 $14) 14... e5 15. Bg5 (15.
Bxe5 $2 dxe5 16. Nxe5 Qc8 $15) 15... Bf6 16. Bxf6 (16. Bh3 g6 17. Bxf6 Rxf6 18.
Qg5 Qg7 $10) 16... Rxf6 17. Ng5 Na6 18. f4 Re8 19. Ne6 exf4 20. Qxf4 Nc5 21.
Nd4 $14) 14. Bg5 (14. d5 Bf6 $1) 14... Nc6 (14... Bxg5 15. Nxg5 Bxg2 16. Kxg2
Re8 (16... Rf6 17. c5 bxc5 18. dxc5 d5 19. c6 $16) 17. d5 e5 18. Ne6 $16) (
14... Bf6 15. Bxf6 Rxf6 16. c5 bxc5 17. dxc5 d5 18. c6 $1 Nxc6 19. Rfc1 Qe8 20.
Rb3 $1 Rb8 21. Ne5 Nxe5 22. Qxe5 $16) 15. d5 (15. Bxe7 Nxe7 16. d5 e5 17. Ng5
$14) 15... Bxg5 16. Nxg5 Nd8 (16... exd5 17. cxd5 Nb4 18. Qe7) 17. Bh3 $5 (17.
dxe6 $6 Bxg2 18. Kxg2 (18. e7 Re8) 18... Re8 19. e7 (19. Qf3 Nxe6 20. Qd5 c6
21. Qxf5 Nxg5 22. Qxg5 Rxe2 $10) 19... Nf7 $10 {[]} (19... Nc6 $2 20. Qf3 Nxe7
21. Qh5 $18)) 17... Qd7 $5 (17... exd5 $2 18. cxd5 Bxd5 $2 19. Qe7 {/\ e4+-}) (
17... e5 $6 18. f4 h6 19. Nf3 e4 20. Nh4 $16) 18. g4 $5 $14 (18. f4 $1 h6 (
18... exd5 $6 19. cxd5 Bxd5 20. Qd3 Bc6 (20... Be6 21. e4 $1) 21. Rfc1 $1 (21.
e4 $5) 21... h6 (21... Kh8 22. Bg2 d5 23. Rxc6 Nxc6 24. Qxd5 $18) 22. Nf3 $16)
19. dxe6 (19. Nf3 exd5 20. cxd5 Bxd5 $13) 19... Qe7 20. Nf3 Qxe6 21. Nd4 Qe4
22. Qxe4 Bxe4 23. g4 fxg4 24. Bxg4 $16 {Lputian,S}) 18... f4 $1 19. Qd3 g6 20.
Nxe6 Nxe6 21. g5 Rae8 $8 22. Bxe6+ $6 Rxe6 23. dxe6 Qxe6 24. f3 Rf5 25. h4 $2
Re5 $15 26. Rf2 Qh3 27. Rg2 Qxh4 28. Rc1 Rxg5 29. Rxg5 Qxg5+ 30. Kf1 Qh4 31.
Qd4 Bc8 32. Qf2 Qf6 33. Rd1 Bh3+ 34. Ke1 Be6 35. Qd4 Kf7 36. b3 Qxd4 37. Rxd4
$138 g5 38. Kf2 h5 39. e3 fxe3+ 40. Kxe3 Kf6 41. Rd2 h4 42. Ke4 $6 Bc8 $6 43.
Ke3 Be6 44. Rc2 c6 45. a3 $5 g4 $6 46. fxg4 Kg5 47. b4 axb4 1/2-1/2

[Event "Beersheba"]
[Site "Beersheba"]
[Date "1992.??.??"]
[Round "3"]
[White "Kortschnoj, Viktor Lvovich"]
[Black "Greenfeld, Alon"]
[Result "1/2-1/2"]
[WhiteElo "2585"]
[BlackElo "2520"]
[Annotator "Dautov,R"]
[PlyCount "46"]
[EventDate "1992.03.??"]
[EventType "schev"]
[EventRounds "3"]
[EventCountry "ISR"]
[SourceTitle "CBM 030"]
[Source "ChessBase"]
[SourceDate "1992.10.01"]
[SourceVersion "1"]
[SourceVersionDate "1992.10.01"]
[SourceQuality "1"]

1. d4 Nf6 2. c4 e6 3. Nc3 Bb4 4. Qc2 O-O 5. Nf3 c5 6. dxc5 Na6 7. g3 Nxc5 8.
Bg2 Nce4 9. Bd2 Nxd2 10. Nxd2 d5 (10... a6 11. O-O Qc7) 11. O-O d4 (11... Bd7
12. cxd5 exd5 13. a3 Bxc3 14. Qxc3 Qb6 15. Qb3 Bb5 16. Rfe1 Qa6 17. e3 Rac8 {
Timman,J-Kortschnoi,V Bruxelles(m/1) 1991} 18. Rac1 $14 {Timman 52/569}) 12.
Nce4 e5 $1 {N} (12... Nxe4 13. Bxe4 f5 14. Bg2 e5 15. Bd5+ Kh8 $13) 13. c5 (13.
Nxf6+ Qxf6 14. Ne4 Qg6 15. a3 Be7 16. b4 f5 17. Nd2 e4 18. Nb3 Bf6 19. Rad1 Rd8
20. Rd2 Be6 21. Rfd1 Rac8 22. Nc5 Qf7 $15) (13. a3 Bxd2 (13... Be7 14. Nxf6+
Bxf6 15. b4 $14) (13... Nxe4 14. axb4 Nxd2 15. Qxd2 Qe7 16. b5 Be6 17. b3 {
/\Ra4}) 14. Nxd2 Qe7 $10) 13... Bf5 14. Nxf6+ Qxf6 15. Be4 (15. Ne4 Qg6 16. a3
Bxc5 17. Qxc5 Bxe4 18. Qxe5 Bxg2 19. Kxg2 Rfe8 20. Qxd4 Rxe2 $10) 15... Bh3 16.
Rfc1 Rac8 17. Bxb7 Rc7 18. Bf3 (18. c6 Bc8 19. Ne4 Qg6 20. Qd3 Bxb7 21. cxb7
Rxb7 22. a3 Be7 23. b4 f5 24. Nc5 Rc7 $10) 18... Bxc5 19. Ne4 Qb6 20. Bg2 (20.
Nxc5 Rfc8) 20... Bf5 (20... Bxg2 $142 21. Kxg2 Rfc8 (21... Bd6 22. Qb3 Qxb3 23.
axb3 Rxc1 24. Rxc1 Bb4 25. Rc7 a5 26. g4 f6 $10) 22. Qa4 Bf8 {<->c}) 21. g4 Bg6
22. h4 Rfc8 23. Qb3 Qxb3 (23... Qxb3 24. axb3 Bb6 25. Rxc7 Rxc7 26. h5 Bxe4 27.
Bxe4 $10) 1/2-1/2

[Event "Ptuj zt"]
[Site "Ptuj"]
[Date "1995.??.??"]
[Round "6"]
[White "Kortschnoj, Viktor Lvovich"]
[Black "Atlas, Valeri"]
[Result "1/2-1/2"]
[WhiteElo "2635"]
[BlackElo "2450"]
[Annotator "Atlas,V"]
[PlyCount "138"]
[EventDate "1995.04.??"]
[EventType "tourn"]
[EventRounds "15"]
[EventCountry "SLO"]
[EventCategory "10"]
[SourceTitle "CBM 047"]
[Source "ChessBase"]
[SourceDate "1995.08.01"]
[SourceVersion "1"]
[SourceVersionDate "1995.08.01"]
[SourceQuality "1"]

1. c4 c5 2. Nf3 Nf6 3. Nc3 e6 4. g3 b6 5. Bg2 Bb7 6. O-O Be7 7. d4 cxd4 8. Qxd4
d6 9. Bg5 a6 10. Bxf6 Bxf6 11. Qd3 (11. Qf4 Bxf3 12. Qxf3 Ra7 13. Rfd1 O-O 14.
Rac1 Nd7 15. b3 Qb8 16. Qd3 Be7 17. e3 Rc8 18. a4 Rac7 {Ribli-Hoffmann, 1994})
11... Ra7 $1 12. Rad1 Be7 13. Ne4 (13. Nd4 Bxg2 14. Kxg2 Qc8 15. f4 Nd7 16. b3
g6 17. e4 Rc7 18. Nce2 Qb7 $132 {Gschnitzer-Ftachnik, 1993}) 13... O-O (13...
Bxe4 14. Qxe4 {+/=/=}) 14. Qe3 (14. Nxd6 $4 Bxf3 15. Bxf3 Rd7 $19) 14... Ba8
15. Rd2 Rd7 16. Rfd1 Qc7 17. Qf4 $1 (17. b3 b5 $5 $15 (17... d5 18. cxd5 Rxd5
$10)) 17... Bxe4 (17... f5 $2 18. Nxd6 $1 (18. Nc3 e5 19. Qe3 $16) 18... Rfd8
19. Nxf5 $1 $18) (17... e5 $6 18. Qe3 $14) (17... Rfd8 18. Nfg5 $36) (17... d5
18. Ne5 $36) 18. Qxe4 Rc8 (18... b5 $5 19. cxb5 axb5 20. Rc2 Qa5 $132) 19. Nd4
$1 (19. b3 b5 $1 20. cxb5 axb5 $15) 19... Bf6 (19... Qxc4 $140 $4 20. Rc2 $18)
20. h4 Qc5 (20... d5 $2 21. cxd5 Rxd5 22. Nxe6 Rxd2 23. Nxc7 Rxd1+ 24. Kh2 {
+/-/+-}) 21. b3 d5 $1 22. cxd5 Rxd5 23. e3 (23. Nxe6 $2 Rxd2 24. Nxc5 Rxd1+ 25.
Kh2 bxc5 $19) 23... Rcd8 (23... Nc6 $2 24. Rc2 Qd6 25. Rdc1) 24. Kh2 R5d6 $1 (
24... Nc6 25. Rc2 $18) 25. Rc2 Qe5 26. Qb7 Bxh4 $1 {[#]} 27. Rdc1 (27. Nf3 $2
Bxg3+ $1 28. fxg3 Qh5+ $19) 27... Bf6 (27... Bxg3+ $5 28. fxg3 Qxe3 29. Nf3 Rd5
(29... Qh6+ 30. Bh3) 30. Rc8 Rh5+ 31. Nh4 Rxh4+ 32. gxh4 Qf4+ 33. Kg1 (33. Kh3
Qf5+ 34. Kg3 Qe5+) 33... Qd4+) 28. Rc8 (28. Rc7 $5 Qh5+ $5 29. Bh3 Bxd4 30.
exd4 Qe2 $5 (30... Rxd4 31. Rc8 Qe5 32. R1c7 $1 $18 (32. Qe7 Qd6 $1 $8 (32...
Qf6 $4 33. Qe8+ $18) 33. Qe8+ Qf8)) 31. Rc8 Qxf2+ 32. Bg2 Qf6 33. Qxb8 Qh6+ 34.
Bh3 Qd2+ 35. Bg2 (35. Kh1 $4 Qxc1+ $19) 35... Qh6+ $10) 28... Rxc8 29. Rxc8+
Rd8 30. Bf1 (30. Nc6 Nxc6 31. Bxc6 h5 $132 32. Rxd8+ Bxd8 33. Qc8) 30... Qd6
31. Rc7 Bxd4 32. exd4 Nd7 33. Rc8 Rxc8 34. Qxc8+ Nf8 35. Bxa6 Qxd4 $15 36. Qc2
h5 37. Kg2 Qd5+ 38. Kg1 Qd4 39. Be2 h4 40. gxh4 Qxh4 41. a4 Ng6 42. Bd3 Qg4+
43. Kf1 Qh3+ 44. Ke1 f5 45. Bf1 Qf3 46. Qd3 Qc6 47. Qc4 Qd6 48. Qc3 Ne5 49. Bb5
g5 (49... Qd5 50. Be2 f4 (50... Nc6 51. Bf3) 51. b4 f3 52. Bf1 Qe4+ (52... Nc6
53. Qc4 Qe5+ 54. Kd2 Qb2+ 55. Ke3) 53. Kd2 Qf4+ (53... Nc6 54. Qc4 $1) 54. Kd1)
50. b4 g4 51. Be2 Nc6 52. a5 Qxb4 53. Qxb4 Nxb4 54. axb6 Nc6 55. b7 Kf7 56. Kd2
Ke7 57. Ke3 e5 58. Bd3 Ke6 59. Bc4+ Kd6 60. Bb5 Nb8 61. Bd3 Ke6 62. Bc4+ Kd6
63. Bd3 f4+ 64. Ke4 Nd7 65. Kf5 g3 66. fxg3 fxg3 67. Be4 Kc7 68. Bg2 Kb8 69.
Bh1 Kc7 1/2-1/2

[Event "Hoogovens"]
[Site "Wijk aan Zee"]
[Date "1990.01.??"]
[Round "9"]
[White "Petursson, Margeir"]
[Black "Kortschnoj, Viktor Lvovich"]
[Result "1/2-1/2"]
[WhiteElo "2555"]
[BlackElo "2625"]
[Annotator "Ftacnik,L"]
[PlyCount "124"]
[EventDate "1990.01.??"]
[EventType "tourn"]
[EventRounds "13"]
[EventCountry "NED"]
[EventCategory "13"]
[SourceTitle "CBM 017"]
[Source "ChessBase"]
[SourceDate "1990.08.01"]
[SourceVersion "1"]
[SourceVersionDate "1990.08.01"]
[SourceQuality "1"]

1. d4 Nf6 2. c4 e6 3. Nc3 Bb4 4. Qc2 c5 5. dxc5 Na6 6. a3 Bxc3+ 7. Qxc3 Nxc5 8.
b4 Nce4 9. Qd4 d5 10. c5 h6 (10... b6 11. f3 bxc5 12. bxc5 Qa5+ 13. Qb4 $16)
11. Nh3 $5 (11. f3 Ng5 12. h4 Ngh7) 11... O-O 12. f3 e5 13. Qxe5 Re8 (13...
Bxh3 14. gxh3 Ng4 $2 15. hxg4 Qh4+ 16. Kd1 Nf2+ 17. Kc2 Nxh1 18. Bb2 $18) 14.
Qd4 Bxh3 15. gxh3 Ng5 16. Bxg5 hxg5 17. Rg1 $1 Nd7 18. Rd1 (18. Qxd5 Qf6 19.
Rd1 Ne5 20. Kf2 Rad8 21. Qb3 Rxd1 22. Qxd1 Rd8 $132) (18. f4 $1 Nf8 19. fxg5
$16) 18... Ne5 19. Kf2 Qf6 20. h4 g4 21. Rg3 Rad8 $2 (21... Qf5 22. Qxd5) (
21... Qxh4 22. h3 $1) (21... Re7 $5 22. f4 Qf5 23. e3 Nf3 24. Qxd5 $2 Qc2+ 25.
Be2 Rxe3 $1) 22. f4 Qf5 23. h3 Kf8 24. e3 $6 (24. Bg2 $1 Nc6 (24... f6 25. hxg4
Nxg4+ 26. Kf1 Qh5 27. Rdd3 $16) 25. hxg4 Nxd4 26. gxf5 Nxe2 27. Re3 Nxf4 28.
Rxe8+ Kxe8 29. Bf3 $16) 24... Nc6 25. hxg4 Qh7 $1 (25... Nxd4 26. gxf5 Nxf5 27.
Rh3 d4 28. exd4 Re4 29. d5 $16) 26. Qd3 Qxh4 27. Kf3 Re4 28. Rh3 Qf6 (28...
Ne5+ $1 29. fxe5 Qxg4+ 30. Kf2 d4 31. Rh8+ Ke7 32. Rxd8 Rxe3 33. Rd7+ Ke8 34.
Qxe3 dxe3+ 35. Kxe3 $10) 29. g5 Qf5 30. Kg3 Ne5 31. Qe2 Ng6 $2 (31... Nc4 32.
Rd3 $1 Ke7 $1 $14) 32. Qf3 Qe6 33. Kg2 d4 34. f5 Qa2+ 35. Kg1 Rxe3 36. Qh5 Rxh3
37. Qxh3 (37. Bxh3 $5) 37... Qc2 38. Rd3 Ne7 39. f6 $2 (39. Qh8+ Ng8 40. f6 $18
) 39... Ng6 40. Qh7 gxf6 41. gxf6 Qc1 42. Qg7+ Ke8 43. Qg8+ Nf8 44. Rh3 Kd7 45.
Qxf7+ Kc8 46. Qh5 d3 47. Qf5+ Kc7 48. Qe5+ Kc8 49. Qf5+ Kc7 50. Rxd3 Rxd3 51.
Qxd3 Qg5+ 52. Bg2 Qxf6 53. Qg3+ (53. Qe4 $5) 53... Kc8 54. Bh3+ Nd7 55. Qd3 Qe7
56. Kf2 Kc7 57. Bg2 (57. Qxd7+ Qxd7 58. Bxd7 Kxd7 59. Ke3 Kc6 60. Kd4 Kb5 61.
Kd5 a5 $1 $10) 57... a5 58. Qd5 Qf6+ 59. Kg1 Qa1+ 60. Kf2 Qb2+ 61. Kg1 Qa1+ 62.
Kf2 Qb2+ 1/2-1/2

[Event "Antwerp"]
[Site "Antwerp"]
[Date "1993.??.??"]
[Round "8"]
[White "Christiansen, Larry Mark"]
[Black "Kortschnoj, Viktor Lvovich"]
[Result "1/2-1/2"]
[WhiteElo "2555"]
[BlackElo "2625"]
[Annotator "Ftacnik,L"]
[PlyCount "95"]
[EventDate "1993.08.??"]
[EventType "tourn"]
[EventRounds "9"]
[EventCountry "BEL"]
[EventCategory "13"]
[SourceTitle "CBM 037"]
[Source "ChessBase"]
[SourceDate "1993.12.01"]
[SourceVersion "1"]
[SourceVersionDate "1993.12.01"]
[SourceQuality "1"]

1. d4 d5 2. c4 dxc4 3. Nf3 Nf6 4. e3 e6 5. Bxc4 c5 6. O-O a6 7. Qe2 b5 8. Bb3
Bb7 9. Rd1 Nbd7 10. Nc3 b4 $6 (10... Qb6) (10... Qc7) 11. Na4 Qa5 12. Bd2 $1
cxd4 (12... Qb5 13. Qxb5 axb5 14. Nxc5 $16) 13. Nxd4 e5 (13... Bd6 14. Be1 $1
Qc7 15. Rac1 $1) (13... Nc5 14. Nxc5 Bxc5 15. a3 Qb6 16. Ba4+ $16) 14. a3 $6 (
14. Rac1 $1 exd4 15. exd4+ Kd8 16. Bf4 Rc8 17. Rxc8+ Bxc8 18. Re1 $1 Bb7 19.
Bxf7 Qxa4 20. Qe8+ $1 Nxe8 21. Rxe8#) 14... exd4 15. exd4+ Kd8 16. Nc5 Bxc5 (
16... Qc7 17. Bxb4 a5 18. Bxf7 $1 $40) 17. dxc5 Re8 18. Qd3 Qb5 $1 19. Qh3 $6 (
19. Qg3 $1 a5 (19... Re4 20. h3 $1) 20. axb4 axb4 21. Rac1 $1 (21. Bg5 Rxa1 22.
Qb8+ Bc8 $1) 21... Bc6 22. Qd6 Kc8 23. Bxf7 $16) 19... Bc6 20. axb4 Ke7 $1 21.
Bc3 Kf8 22. Rd6 $6 (22. Qg3 $1 Qb7 (22... a5 $6 23. Ba4 Qxa4 24. Rxa4 Bxa4 25.
b3 $1 Bb5 26. c6 $16) 23. h3 $13) 22... a5 $1 23. Rad1 $2 (23. Bxf6 Nxf6 24.
Rxf6 $1 gxf6 25. Qxh7 Ra7 (25... Qb7 26. b5 $1 Bxb5 (26... Be4 27. Qh8+ Ke7 28.
Qg7 Rf8 29. Re1 $40) 27. Qh6+ Kg8 (27... Ke7 28. Bxf7 $1) 28. Qg6+ Kf8 29. Qh6+
$10) 26. Qh6+ Ke7 27. Ba4 $1 Qxa4 28. Rxa4 Bxa4 29. h4 $13) 23... Ra7 $1 24.
Qf5 (24. Rxf6 Nxf6 25. Bxf6 Qe2 26. Bc3 Rd7 $19) 24... axb4 25. Bd4 Qe2 26. h3
Be4 $6 (26... Ba4 27. Ra1 $1) (26... Rc7 $1 27. f3 (27. Qf4 Qe4 $1) 27... Ne5
$1 28. Rxf6 $1 Bxf3 $3 29. gxf3 gxf6 30. Rf1 Rd7 31. Bxe5 Rxe5 32. Qxd7 Rg5+
$19) 27. Qf4 Bc2 28. Bxf6 (28. c6 Qxd1+ 29. Kh2 Ra1 30. cxd7 Qg1+ 31. Kg3 Nh5+
$19) 28... Nxf6 (28... Bxd1 $2 29. Bxg7+ $1 Kxg7 30. Qxf7+ Kh8 31. Rh6 $1 Qe4
32. Rxh7+ Qxh7 33. Qxe8+ Kg7 34. Qe7+ $10) 29. R6d2 Bxd1 30. Rxe2 Bxe2 31. Qxb4
Rc8 $15 32. c6+ Kg8 33. Qc5 Rac7 34. Ba4 Ra8 35. b3 Ne8 36. Qe5 (36. Qc2 $1 Ba6
37. b4) 36... Bd1 37. Qe1 Bc2 $6 (37... Rd8 $1) 38. Qe2 Bf5 39. b4 Be6 40. Qb5
Rcc8 41. Bc2 g6 42. Kh2 Nc7 (42... Ra1 43. Qe5 Rxc6 44. Bxg6 Rcc1 45. Be4 $13)
43. Qc5 Rab8 (43... Na6 44. Qd6 Rab8 45. Bd3 $1 Nxb4 46. c7 Rb7 47. Bc4 $3
Rcxc7 48. Qd8+ Kg7 49. Qd4+ $10) 44. Bd3 Bb3 45. h4 $1 Ba4 46. Bc4 Bb5 47. Bb3
Na6 48. Bxf7+ $1 (48. Bxf7+ Kxf7 49. Qd5+ Kg7 50. Qe5+ $10) 1/2-1/2

[Event "Hoogovens"]
[Site "Wijk aan Zee"]
[Date "1990.01.??"]
[Round "13"]
[White "Gurevich, Mikhail"]
[Black "Kortschnoj, Viktor Lvovich"]
[Result "1-0"]
[WhiteElo "2645"]
[BlackElo "2625"]
[Annotator "Ftacnik,L"]
[PlyCount "99"]
[EventDate "1990.01.??"]
[EventType "tourn"]
[EventRounds "13"]
[EventCountry "NED"]
[EventCategory "13"]
[SourceTitle "CBM 017"]
[Source "ChessBase"]
[SourceDate "1990.08.01"]
[SourceVersion "1"]
[SourceVersionDate "1990.08.01"]
[SourceQuality "1"]

1. d4 Nf6 2. c4 e6 3. Nc3 Bb4 4. Qc2 c5 5. dxc5 Na6 6. a3 Bxc3+ 7. Qxc3 Nxc5 8.
b4 Nce4 9. Qd4 d5 $6 10. c5 $1 h6 11. Nh3 O-O 12. f3 e5 $5 13. Qxe5 Re8 14. Qd4
Bxh3 15. gxh3 Ng5 16. Bxg5 hxg5 17. Rg1 Nh5 $1 18. h4 $1 gxh4 19. Rd1 Qf6 $6 (
19... a5 $1 20. Qg4 $6 (20. Qxd5 Qf6 $132) (20. Rg4 axb4 21. axb4 Qe7 22. Rxh4
g6 $44) 20... Qf6 21. Qxh5 Qc3+ 22. Kf2 Qe3+ 23. Kg2 Re5 $19) 20. Rg4 Re5 (
20... Qxf3 21. Rd3 Qf5 22. Bh3 $36) 21. f4 $1 Re4 22. Qxf6 (22. Qxd5 $2 Rae8
23. Qxh5 Qc3+ 24. Kf2 Rxe2+ $1 25. Bxe2 Qe3+ 26. Kg2 h3+ 27. Kh1 Qe4+ 28. Kg1
Qe3+ $10) 22... Nxf6 23. Rxh4 Rae8 $2 (23... g5 24. Rh3 Rxf4 25. Bg2 $16) (
23... a5 $1 24. Bg2 Rc4 25. Bxd5 Nxd5 26. Rxd5 g6 $1 (26... axb4 27. Rdh5 $1)
27. Rh3 axb4 28. axb4 Rxb4 29. f5 gxf5 $14) 24. Rh3 $1 a5 25. Rb3 Rxf4 26. Bg2
(26. bxa5 $5 Ra4 (26... Rc4 27. Rxb7 Rxc5 28. a6 Ra5 29. a7 $16) 27. Rxb7 Rxa5
28. Rc1) 26... Rg4 27. Bf3 a4 28. Rbd3 (28. Rc3 Rh4 29. b5) 28... Rh4 29. Bxd5
Nxd5 30. Rxd5 Rxh2 31. R1d2 Re3 32. R5d3 Re5 (32... Rhxe2+ 33. Rxe2 Rxd3 34.
Re7 Rxa3 35. Rxb7 $18) 33. Rc2 $1 g5 34. b5 Rh1+ 35. Kd2 Rh2 36. Ke1 Rh1+ 37.
Kd2 Rh2 38. Re3 (38. Rd8+ Kg7 39. Kd3 $16) 38... Rd5+ 39. Ke1 Kg7 40. c6 bxc6
41. bxc6 Rh8 42. Re4 $1 Ra5 43. Rd4 Rc8 44. c7 Kf6 $2 (44... Ra7 45. Rd7 Kg6
$16) 45. Rd8 Raa8 46. Rcd2 Kf5 47. Kf2 Kg4 48. R2d4+ Kh5 49. Kf3 Kg6 50. Ke4
1-0

[Event "Zuerich Kortschnoj 80th sim"]
[Site "Zuerich"]
[Date "2011.03.26"]
[Round "1"]
[White "Kortschnoj, Viktor Lvovich"]
[Black "Grandadam, Patrick"]
[Result "0-1"]
[WhiteElo "2557"]
[BlackElo "2173"]
[Annotator "CB"]
[PlyCount "60"]
[EventDate "2011.03.26"]
[EventType "simul"]
[EventRounds "1"]
[EventCountry "SUI"]
[SourceTitle "CBM 141 Extra"]
[Source "ChessBase"]
[SourceDate "2011.05.03"]
[SourceVersion "1"]
[SourceVersionDate "2011.05.03"]
[SourceQuality "1"]

1. e4 c5 2. Nf3 e6 3. d4 cxd4 4. Nxd4 a6 5. c4 Nf6 6. Nc3 Bb4 7. Bd3 Nc6 8. Nc2
Bxc3+ 9. bxc3 Qa5 $6 (9... Qc7 $1 10. O-O (10. Ba3 b5 $11) 10... d6 11. Ba3 Ne5
12. f4 Ned7 13. Qe2 Nc5 $11) 10. O-O O-O 11. Ba3 d6 $6 (11... Rd8 $11) 12. Bxd6
(12. e5 $1 Nxe5 13. Bb4 Qa4 (13... Qd8 14. Bxd6 Nxd3 15. Bxf8 Kxf8 16. Ne1) 14.
Bxd6 Nxd3 15. Bxf8 Qxc4 16. Nb4 $14) 12... Rd8 13. Bb4 Qc7 14. Qe2 Ne5 15. Rad1
a5 16. Ba3 Qd7 $2 (16... b6 $1) 17. Ne3 $2 (17. Nd4 b6 (17... Nxd3 18. Rxd3 e5
19. Rfd1 $18) 18. f4 $16) (17. Ne1 Qc6 (17... Nxc4 18. Bc2 $16) 18. Be7 Rd7 19.
Bxf6 $16) 17... Nxd3 18. Rxd3 Qxd3 19. Rd1 Qxd1+ 20. Nxd1 Nxe4 21. f3 $2 (21.
Kf1) 21... Rd2 $1 22. Qe1 (22. Qxe4 Rxd1+ 23. Kf2 Rd2+ 24. Kg3 Rxa2 $19) 22...
Rxa2 23. Qxe4 Rxa3 24. Qd4 h6 25. Ne3 a4 $2 (25... f5 26. h4 Kh7 27. h5 Ra6 28.
Qc5 Ra1+ 29. Kh2 Re1 30. Qxc8 Rxe3 31. Qxb7 $11) (25... Ra1+ 26. Kf2 Kh7 27.
Ng4 (27. Qd8 Ra2+ 28. Kg1 Rb2 29. Ng4 e5 30. Qf8 Rb6 $17) 27... Ra2+ 28. Kg3 (
28. Kg1 f5 29. Ne5 Re2 30. Nf7 b6 31. Qd8 Bb7 32. Qxb6 Ba6 $19) 28... f5 29.
Ne5 Re2) 26. Qd8+ Kh7 27. Qd3+ $4 (27. Ng4 $1 e5 (27... f5 28. Ne5 $11) (27...
Ra1+ 28. Kf2 a3 29. Nf6+ gxf6 30. Qf8 $11) 28. Nxe5 (28. Qf8 Ra1+ 29. Kf2 Bxg4
30. Qxa8 Be6 31. Qxb7 a3 32. Qb3 g5 $15) 28... Ra1+ 29. Kf2 a3 30. Nxf7 a2 31.
Qh8+ Kg6 32. Ne5+ Kf5 33. Qf8+ Kxe5 34. Qxg7+ Kd6 35. Qd4+ Ke6 36. Qb6+ Kd7 37.
Qd4+ Kc7 38. Qe5+ $11) 27... f5 28. g4 Ra1+ 29. Kg2 a3 30. Nc2 Ra2 0-1